Sports Quiz

Random Sports or Basketball Quiz

1992 Team USA (Basketball) Quiz Stats

 Plays Quiz Updated Dec 7, 2017

Score 0/13 Timer 03:00
4 Plays Today
Position Player % Correct
Shooting GuardMichael Jordan
98.7%
Point GuardEarvin 'Magic' Johnson
88%
Small ForwardLarry Bird
85.3%
Small ForwardScottie Pippen
78%
Power ForwardKarl Malone
76.5%
Power ForwardCharles Barkley
75.9%
Point GuardJohn Stockton
75.6%
CenterPatrick Ewing
69.5%
CenterDavid Robinson
65.6%
Shooting GuardClyde Drexler
52.4%
Power ForwardChristian Laettner
44.6%
Small ForwardChris Mullin
43.6%
CoachChuck Daly
38.6%

You're not logged in!

Compare scores with friends on all Sporcle quizzes.
OR
Log In

Sporcle TV

Today on Sporcle TV


Watch our educational content, quiz creation guides, and fun videos on Sporcle TV.

Show Comments

Extras

Top Quizzes Today


Score Distribution

Your Account Isn't Verified!

In order to create a playlist on Sporcle, you need to verify the email address you used during registration. Go to your Sporcle Settings to finish the process.

Report this User

Report this user for behavior that violates our Community Guidelines.

Details: